Sports Quiz

Random Sports or Football Quiz
Score 0/25 Timer 10:00
0 Plays Today
Appearances Player % Correct
647Paolo Maldini
97.6%
582*Francesco Totti
94.8%
605*Javier Zanetti
90.8%
546*Gianluigi Buffon
88.3%
478Alessandro Del Piero
77.7%
470Franco Baresi
65.2%
488*Andrea Pirlo
51.8%
570Dino Zoff
46.8%
519Giuseppe Bergomi
45.7%
541Roberto Mancini
43.9%
592Gianluca Pagliuca
43.8%
500Ciro Ferrara
40.1%
478Angelo Peruzzi
36.3%
Appearances Player % Correct
527Gianni Rivera
35.4%
475Giacinto Facchetti
28.4%
537Silvio Piola
27.8%
562Pietro Vierchowod
19.6%
486Giuseppe Favalli
12.2%
496Giovanni Galli
9.8%
532Enrico Albertosi
9.2%
460Franco Causio
8.3%
494Tarcisio Burgnich
8.2%
469Pietro Ferraris
4.4%
478Giancarlo De Sisti
4.2%
466Sergio Cervato
1.7%

You're not logged in!

Compare scores with friends on all Sporcle quizzes.
OR
Log In

Sporcle TV

Today on Sporcle TV


Watch our educational content, quiz creation guides, and fun videos on Sporcle TV.

Show Comments

Extras

Top Quizzes Today


Score Distribution

Paid Content

Your Account Isn't Verified!

In order to create a playlist on Sporcle, you need to verify the email address you used during registration. Go to your Sporcle Settings to finish the process.

Report this User

Report this user for behavior that violates our Community Guidelines.

Details: